书目信息 |
| 题名: |
供应链物流管理
|
|
| 作者: | 鲍尔索克斯 著 ;马士华 , 张慧玉 译 | |
| 分册: | ||
| 出版信息: | 北京 机械工业出版社 2014 |
|
| 页数: | 352页 | |
| 开本: | 26cm | |
| 丛书名: | ||
| 单 册: | ||
| 中图分类: | F273.4 | |
| 科图分类: | ||
| 主题词: | 企业管理--物流--物资管理 , 企业管理 , 物流 , 物资管理 | |
| 电子资源: | ||
| ISBN: | 978-7-111-45565-3 | |
| 000 | 01480nam0 2200337 450 | |
| 001 | 523 | |
| 005 | 20140909092058.43 | |
| 010 | @a978-7-111-45565-3@dCNY59.00 | |
| 100 | @a20140626d2014 em y0chiy50 ea | |
| 101 | 1 | @achi@ceng |
| 102 | @aCN@b110000 | |
| 105 | @ay z 000yy | |
| 106 | @ar | |
| 200 | 1 | @a供应链物流管理@AGong Ying Lian Wu Liu Guan Li@dSupply chain logistics management@f(美)唐纳德 J. 鲍尔索克斯(Donald J. Bowersox)[等]著@F( Mei ) Tang Na De J. Bao Er Suo Ke Si (Donald J. Bowersox)[ Deng ] Zhu@g马士华,张慧玉等译@zeng |
| 210 | @a北京@c机械工业出版社@d2014 | |
| 215 | @a352页@d26cm | |
| 304 | @a著者还有:(美)戴维 J. 克劳斯(David J. Closs)、(美)M.比克斯比·库珀(M. Bixby Cooper)、(美)约翰 C. 鲍尔索克斯(John C. Bowersox) | |
| 305 | @a据原书第4版译出 | |
| 306 | @a由机械工业出版社和麦格劳-希尔(亚洲)教育出版公司合作出版 | |
| 330 | @a本书阐述了为实现一体化物流管理所需的各项任务、业务流程和战略,在全球经济环境下对现有的物流实践进行了全面的论述,介绍了运用物流原理实现企业竞争优势的方法和手段,提供了一种概念性的方法。 | |
| 510 | 1 | @aSupply chain logistics management@zeng |
| 606 | 0 | @a企业管理@x物流@x物资管理 |
| 606 | 0 | @a企业管理 |
| 606 | 0 | @a物流 |
| 606 | 0 | @a物资管理 |
| 690 | @aF273.4@v5 | |
| 701 | 0 | @c(美)@a鲍尔索克斯@ABao Er Suo Ke Si@c(Bowersox, Donald J.)@4著 |
| 702 | 0 | @a马士华@AMa Shi Hua@f(1956~)@4译 |
| 702 | 0 | @a张慧玉@AZhang Hui Yu@4译 |
| 801 | 0 | @aCN@bTANGWEI@c20140603 |
| 905 | @b0840506-08@dF273.4@e1061@f3 | |
| 供应链物流管理=Supply chain logistics management/(美)唐纳德 J. 鲍尔索克斯(Donald J. Bowersox)[等]著/马士华,张慧玉等译.-北京:机械工业出版社,2014 |
| 352页;26cm |
| ISBN 978-7-111-45565-3:CNY59.00 |
| 本书阐述了为实现一体化物流管理所需的各项任务、业务流程和战略,在全球经济环境下对现有的物流实践进行了全面的论述,介绍了运用物流原理实现企业竞争优势的方法和手段,提供了一种概念性的方法。 |
| ● |
| 相关链接 |
|
|
|
|
正题名:供应链物流管理
索取号:F273.4/1061
 
预约/预借
| 序号 | 登录号 | 条形码 | 馆藏地/架位号 | 状态 | 备注 |
| 1 | 0840506 | 208405064 | 第一样本阅览室/ [索取号:F273.4/1061] | 在馆 | |
| 2 | 0840507 | 208405073 | 第一借阅区/ [索取号:F273.4/1061] | 在馆 | |
| 3 | 0840508 | 208405082 | 密集书库-海洋学院/ [索取号:F273.4/1061] | 在馆 |